000 00368cam a2200109ua 4500
082 _a631.30954
_bIND/PR
245 _aProceedings of the Silver Jubilee Convention,Indian Society of Agricultural Engineers:vol-2: Soil and Water Engineering
250 _a1 /
260 _aNewdelhi :
_bIndian Society of Agricultural Engineers ,
_c1985.
300 _a496 ; .
942 _cBK
999 _c5896
_d5896